| 000 | 00500nam a22001937a 4500 | ||
|---|---|---|---|
| 003 | OSt | ||
| 005 | 20250927124151.0 | ||
| 008 | 231003b |||||||| |||| 00| 0 eng d | ||
| 020 | _a9781133588085 | ||
| 040 | _cChuka University Library | ||
| 050 |
_aHM 585 _b.T57 2014 |
||
| 100 |
_aTischler L. Henry _912850 |
||
| 245 | _aIntroduction to Sociology | ||
| 250 | _a11th ed | ||
| 260 |
_aBoston _bCengage _c2014 |
||
| 300 |
_a514p _bIllustrated |
||
| 650 |
_aSociology _911167 |
||
| 942 |
_2lcc _cBK _n0 _02 |
||
| 999 |
_c15527 _d15527 |
||